Statistics for Selected Former and Historic Capitals of Europe

Click here to take the quiz!

General Stats

  • This quiz has been taken 30 times
    (28 since last reset)
  • The average score is 21 of 50

Answer Stats

CountryTerritoryPeriodPopulationAnswer% Correct
Albania13th - 14th, 20th110,000Durres
79%
ItalyRepublic of Genoa11th - late 18th575,000Genoa
79%
ItalyKingdom of Sicily12th - 19th1,300,000Palermo
79%
ItalyDuchy of Parmamid 17th - early 19th200,000Parma
79%
CzechiaMoraviamid 17th - 20th700,000Brno
75%
Italymid - late 19th (briefly)365,000Florence
75%
Poland11th - 16th1,725,000Krakow
75%
Croatiaancient, WWII (provisional)350,000Split
75%
SpainUmayyad Caliphate of Cordobabeginning early 8th325,000Cordoba
71%
RomaniaTransylvanialate 18th - mid 19th400,000Cluj / Kolosvar / Klausenburg
67%
GermanyGermania Inferior1st - 4th3,500,000Cologne
67%
ItalyDuchy of Ferrara15th - 16th130,000Ferrara
67%
Lithuania20th (interwar)400,000Kaunas
67%
ItalyKingdom of Sardiniaearly 14th - early 19th150,000Cagliari
63%
GreeceGreece / Macedonia / Various2nd BC - 19th AD1,100,000Thessaloniki
63%
PolandDuchy of Silesia (Lower)early 12th - 14th1,250,000Wroclaw
63%
Hungarymid 19th (briefly)325,000Debrecen
58%
AustriaTyrolmid 19th - early 20th225,000Innsbruck
58%
RussiaPrussiaearly 17th - early 19th, early 19th (briefly)475,000Konigsberg / Kaliningrad
58%
Bosnia and HerzegovinaHerzegovinaunofficial - past and present115,000Mostar
58%
FranceVisigoth, Languedoc5th - 6th, 13th - 18th1,500,000Toulouse
58%
Finlandearly 19th330,000Turku
58%
RomaniaSerbian Vojvodinamid 19th470,000Timisoara
54%
SpainAragon12th - 18th675,000Zaragoza
54%
PortugalGallaecia, Suebi3rd - 12th200,000Braga
50%
RomaniaMoldaviamid 16th - mid 19th, 20th (briefly)500,000Iasi
50%
GermanyElectorate of Cologne, West Germanylate 16th - late 18th, mid/late 20th, respectively330,000Bonn
46%
SpainVisigoths6th - 8th85,000Toledo
46%
GermanyGermania Superior, Rhenish Hesseearly 1st millennium CE, 19th respectively220,000Mainz
42%
CzechiaMoraviaca 1000 - mid 17th375,000Olomouc
38%
Kosovo(historical)175,000Prizren
33%
Montenegro15th - 20th15,000Cetinje
29%
Francelate 17th - late 18th85,000Versailles
29%
SlovakiaSoviet Slovak Republicearly 20th (briefly)110,000Presov
21%
RomaniaMoldavialate 14th - mid 16th175,000Suceava
21%
RomaniaWallachiaearly 15th - mid 17th80,000Targoviste
21%
RomaniaTransylvanialate 16th - late 17th65,000Alba Iulia
17%
PolandSilesia (Upper)late 12th - Renaissance125,000Opole
17%
RomaniaTransylvaniaearly 17th - early 19th275,000Sibiu / Hermannstadt / Nagyszeben
17%
ItalyOstrogoths, Lombardsmid 6th - early 14th75,000Pavia
13%
Croatiamid-late 18th50,000Varazdin
13%
Bulgarialate 12th - late 14th, late 19th (briefly)70,000Veliko Tarnovo
13%
RomaniaWallachia (NOTE: answer has multiple words!)until early 15th25,000Curtea de Arges
8%
ItalyTyrolearly 15th - mid 19th40,000Merano
8%
Hungary10th - 13th30,000Esztergom
4%
Poland10th - early 11th65,000Gniezno
0%
Albanialate 12th - 15th60,000Kruje
0%
BelgiumCivitas Tungrorumearly 1st millennium CE - ?30,000Tongren
0%
BelgiumFrankish Kingdom5th - early 6th70,000Tournai
0%
Bulgarialate 9th - late 10th10,000Velike Preslav
0%

Score Distribution

Percentile by Number Answered

Percent of People with Each Score

Your Score History

You have not taken this quiz since the last reset